Quels sont les sites de petites annonces en ligne les plus visités - Statistiques

Statistiques générales
  • Ce quiz a été pris 5 fois
  • Le résultat moyen est 1 sur 5
Statistiques - réponses
Hint Réponse % Correct
1 Leboncoin
100%
2 Wannonce
25%
4 Brocabrac
0%
5 Entreparticuliers
0%
3 Paruvendu
0%
Aucun quiz correspondant
Distribution des résultats
% des personnes avec chaque résultat
Percentile par nombre de réponses
Votre historique - résultats
Vous n’avez pas pris ce quiz